Sitzungsberichte der Preussusche kaddemine der Wissenschaften

محفوظ في:

المؤلف الرئيسي: Adolf Erman

التنسيق: كتاب

اللغة: Undetermined

منشور في: 1924

الوسوم: إضافة وسم

لا توجد وسوم, كن أول من يضع وسما على هذه التسجيلة!

رقم الطلب: PJ1064 .E7 S25

LEADER 00457nam a2200121Ia 4500
008 230909s9999||||xx |||||||||||||| ||und||
050 4 |a PJ1064 .E7 S25  
100 1 |a Adolf Erman  
245 1 0 |a Sitzungsberichte der Preussusche kaddemine der Wissenschaften  
264 1 |c 1924 
942 |2 lcc  |c BK 
952 |0 0  |1 0  |2 lcc  |4 0  |6 PJ1064 E7 S25 01903-00024  |7 1  |9 50013  |a ARCE  |b ARCE  |d 2023-09-09  |l 0  |o PJ1064 .E7 S25 1903-24  |p 1032760  |r 2023-09-09 00:00:00  |w 2023-09-09  |y BK 
999 |c 54636  |d 54636